000 00209 a2200097 4500
001 42368
100 _aElsner G
245 _aThe Giant Dwarfs
260 _a
_bWeidenfeld & Nicolson
_c
090 _c26303
_d26303
942 _aNUST-CAE
_cM
_c18118
999 _c277441
_d277441